1696 1073 1534 1198 1874 1518 1989 1037 1222 1260 1425 1535 1238 1534 1030 1347 1854 1062 1370 1315 1651 1996 1507 1019 1681 1387 1183 1437 1346 1203 1464 1103 1971 1706 1427 1584 1855 1717 1612 1090 1015 1400 1399 1621 1809 1122 1373 1592 1391 1685 1319 1896 1849 1536 1349 1754 1103 1564 1991 1248 1007 1073 1596 1726 1963 1805 1680 1455 1313 1990 1617 1026 1897 1223 1775 1687 1842 1164 1425 1424 1300 1668 1930 1508 1113 1906 1240 1450 1523 1024 1145 1080 1471 1424 1134 1283 1077 1414 1074 BCNSPRNW ULIB Ver.6.0+V

เปลี่ยนเป็นภาษาไทย

Change to English
 แสดงรายละเอียดบรรณานุกรม
  กลับหน้าหลัก

Brief Record : Get Marc (ISO 2709) : E-mail record : QR code < ปิดหน้าต่าง
LEADER : 00000nam 2200000uu 4500
001    13399120688
003     ULIB
008    121004s2553||||th 000 0 tha d
020    ^a9786165090681
050 04 ^aBF636^bม434ต
100 0  ^aมาตาปาตรี
245 10 ^aต้อง "ทำตัว" อย่างไรดี ถึงทำให้เพื่อน "รัก" และ "ยอมรับ"เราอย่างจริงใจ /^cมาตาปาตรี
260    ^aกรุงเทพฯ :^bริช,^c2553
300    ^a151 หน้า
650  7 ^aจิตวิทยาสังคม
650  7 ^aความสัมพันธ์ระหว่างบุคคล
650  7 ^aมนุษยสัมพันธ์
945    ^p125^l0^i17746
995    ^aวิภา
999 ^a ใช้งานได้ทุกระบบ
รายการนี้ยังไม่มีแท็ก
คุณยังไม่ได้ล็อกอิน คุณสามารถมีกิจกรรมร่วมกับเว็บไซต์ได้ แต่ต้องล็อกอินก่อน ::
  ล็อกอิน

รายการสื่อสารสนเทศ

ลำดับที่ ประเภท เลขเรียก/บาร์โค้ด สถานที่ สถานะ
1. วิทยาศาสตร์การแพทย์ และสุขภาพ
วิทยาศาสตร์การแพทย์ และสุขภาพ
BF636 ม434ต  
  Barcode: 17746
ห้องสมุดวิทยาเขตสวรรค์ประชารักษ์
►หนังสือทั่วไป
บนชั้น

รายการใกล้เคียง
    ผู้แต่ง [มาตาปาตรี]

    หัวเรื่อง [จิตวิทยาสังคม]
    หัวเรื่อง [ความสัมพันธ์ระหว่างบุคคล]
    หัวเรื่อง [มนุษยสัมพันธ์]

BibComment


ยังไม่เคยถูกคอมเมนท์

คอมเมนท์ทรัพยากรรายการนี้
  คอมเมนท์: ต้อง ทำตัว อย่าง..


 Copyright 2026. Bcnsprnw @Library